| 000 | 00745nam a2200241Ia 4500 | ||
|---|---|---|---|
| 003 | OSt | ||
| 005 | 20221006163821.0 | ||
| 006 | a|||||r|||| 00| 0 | ||
| 007 | ta | ||
| 008 | 221006b |||||||| |||| 00| 0 hin d | ||
| 024 | _a7,281 | ||
| 037 | _cTheseses | ||
| 040 |
_aFML _cFML _bhin |
||
| 041 |
_2hin _ahin |
||
| 100 |
_aChaddha Seema Au. _9675884 |
||
| 110 |
_aDelhi University. Faculty of Music and Fine Arts. Department of Music _9675885 |
||
| 245 | 0 | _aGeetikaavyo ke Madhyam Se Vaadyo Ka Vivechanatmak Aadhyayan | |
| 260 | _c2011 | ||
| 300 |
_aVarious Page _ccm. |
||
| 700 |
_aDelhi University. Faculty of Music and Fine Arts. Department of Music _9675886 |
||
| 942 |
_cDIS _2CC |
||
| 999 |
_c1115381 _d1115381 |
||